Uma passagem enigmática dos "Tópicos" de Aristóteles (Record no. 849486)
[ view plain ]
| 000 -CABECERA | |
|---|---|
| Campo de control de longitud fija | 00484nab a2200145 4500 |
| 003 - IDENTIFICADOR DEL NÚMERO DE CONTROL | |
| Campo de control | ES-SlBCS |
| 005 - FECHA Y HORA DE LA ÚLTIMA TRANSACCIÓN | |
| Campo de control | 20210327231206.0 |
| 008 - CÓDIGOS DE INFORMACIÓN DE LONGITUD FIJA | |
| Campo de control de longitud fija | 141106s2014 br ||||| |||| 00| 0 por d |
| 040 ## - FUENTE DE LA CATALOGACIÓN | |
| Centro catalogador del origen | ES-SlBCS |
| Lengua de catalogación | spa |
| 100 1# - PUNTO DE ACCESO PRINCIPAL-NOMBRE DE PERSONA | |
| Nombre de persona | Chaves-Tannús, Marcio |
| 9 (RLIN) | 209061 |
| 245 14 - MENCIÓN DE TÍTULO | |
| Título | Uma passagem enigmática dos "Tópicos" de Aristóteles |
| Mención de responsabilidad, etc. | Marcio Chaves-Tannús |
| 650 04 - PUNTO DE ACCESO ADICIONAL DE MATERIA-TÉRMINO DE MATERIA | |
| Término de materia o nombre geográfico como elemento inicial | Lógica |
| 9 (RLIN) | 14736 |
| 773 0# - ENLACE AL DOCUMENTO FUENTE | |
| Parte(s) relacionada(s) | Vol. 28, Nº 55, 2014, págs. 313-321 |
| Título | Educaçao e Filosofia |
| Número de control del registro relacionado | Rev1534 |
| Número Internacional Normalizado para Publicaciones Seriadas (ISSN) | 0102-6801 |
| 942 ## - ENTRADA DE ELEMENTOS AGREGADOS (KOHA) | |
| Fuente de clasificaión o esquema | |
| Koha [por defecto] tipo de item | Artículos de revista |
| Suprimido | Perdido | Fuente de clasificación o esquema | Estropeado | No para préstamo | Localización permanente | Localización actual | Localización en estantería | Fecha adquisición | Préstamos totales | Fecha última consulta | Fecha del precio de reemplazo | Tipo de item de Koha |
|---|---|---|---|---|---|---|---|---|---|---|---|---|
| San Esteban | San Esteban | Depósito de revistas | 06/11/2014 | 06/11/2014 | 06/11/2014 | Artículos de revista |
